wszystkie gry rchive - Statystyki

Ogólne statystyki
  • Ten quiz został rozwiązany 4 razy
  • Średni wynik to 3 z 98
Statystyki odpowiedzi
rok gry % Poprawnych
2008 Lemur Land Mall
100%
2011 NoobLand Theme Park
50%
2010 The Great Flood
50%
2009 Work at a Pizza Place
50%
2010 4 Corners
0%
2011 Assault of Guns
0%
2008 Autumn
0%
2008 Become a Cyborg!
0%
2007 Be Crushed By A Speeding Wall!
0%
2009 BloxCity Brickbattle
0%
2007 blXhd Studios Under Construction
0%
2011 BM I .:Awake and Trapped:
0%
2009 Build live and fight as a Settler! Original
0%
2009 CART RIDE into Noob Sitting on Toilet
0%
2010 Cops & Robbers
0%
2008 Czy możesz przeżyć katastrofę samolotu
0%
2008 Destroy the Wall
0%
2011 DriveBlox Unlimited Classic
0%
2010 Driver
0%
2009 Escape from School
0%
2009 Escape the Dentist OBBY
0%
2009 Face your fears - Haunted hotel
0%
2009 Fall Down Stairs!
0%
2010 Fire Tag
0%
2010 Freeze Tag
0%
2010 Frost Nova
0%
2010 Gladiator Arena Minigames II
0%
2009 Hat Wars 2
0%
2008 Heli Wars
0%
2010 Hide n' Seek XL-Living Spaces
0%
2010 Hollywood Skatepark Classic
0%
2011 Hospital Nightmare 3
0%
2010 JAWS
0%
2007 Kayak Adventure / Raft Park
0%
2008 K. CTF v2.2
0%
2008 Khranos
0%
2010 Lava Royale
0%
2011 Left 1 Alive
0%
2008 LF Labs Fun
0%
2009 Live Life in Prison
0%
2010 Marble Man
0%
2009 Marmalade Brick Battle
0%
2008 Matrix CTF
0%
2010 Medieval Mountains RPG
0%
2009 Mega Paintball
0%
2010 mod-Venture
0%
2009 Monorail Trip
0%
2007 Mountain Adventure
0%
2009 Ninja Temple Training Dojo
0%
2011 Paintball!
0%
2009 Parody
0%
2007 PoolComplex
0%
2008 Post Apocalypse
0%
2008 Raise-A-Dragon
0%
2009 RaiseYourDragon
0%
2010 Realistic Boxing
0%
2008 Resident Evil : Build To Survive
0%
2008 Ride The Grand Canyon
0%
2008 ~~~Roblox Arcade~~~
0%
2011 ROBLOX Game Conference
0%
2010 ROBLOXWare Minigames
0%
2008 RoWar PlanetProtection
0%
2007 RoWar Space Cruise V3 Cruise Life is back
0%
2012 Save Telamon from Zombies
0%
2008 -=(Scape)-=(HD)=-
0%
2011 Seeds of Darkness
0%
2008 Sever Paintball
0%
2010 Sharks And Minnows
0%
2008 Shrine of the Fallen Hero
0%
2010 Sinking City
0%
2010 Soul Wars Classic
0%
2013 Space Knights!
0%
2007 SpringTimeGarden
0%
2008 StickmasterLuke's Boat Wars
0%
2009 Stop the Infection!
0%
2008 StudioARE HQ
0%
2008 Super ROBLOX Galaxy
0%
2010 Survival 303
0%
2011 Tarnished Coast
0%
2011 Teamwork Minigames!
0%
2009 The Iron Cafe
0%
2007 The Killer ROLLER COASTER!!
0%
2010 The Muleah Skatepark
0%
2010 The Old Public Skatepark
0%
2011 The Original Tropical Obby
0%
2007 Uber-Blend 5000
0%
2008 Ultimate Build
0%
2010 Ultimate Club DJ
0%
2008 Ultimate Dodgeball CTF
0%
2010 Ultimate power
0%
2009 Vidre Cova
0%
2010 Welcome to ROBLOX Building
0%
2012 Welcome to Stoogeville
0%
2011 Wheel of Fortune
0%
2008 Winter Wonderland
0%
2010 Zombie Mansion
0%
2009 Zombocalypse 1
0%
2010 Zombocalypse 2
0%
Nie znaleziono quizów pasujących do podanych kryteriów
Rozkład punktacji
Procent ludzi z każdym wynikiem
Percentyl według liczby udzielonych odpowiedzi
Twoja historia wyników
Nie rozwiązałeś tego quizu